000 00613nam a2200217Ia 4500
001 14611
003 GE_BSU
008 181216s||||||||xx |||||||||||||| ||und||
040 _cGE_BSU
080 _a821.353.1-31
100 _aიასაღაშვილი,ალექსანდრე
245 _aმგლის ბილიკი.
245 _bრომანი
260 _aთბილისი
260 _bმეცნიერება
260 _c1991
300 _a320გვ.20სმ.
653 _aმგლის ბილიკი.
653 _aრომანი
942 _cBK
999 _c47740
_d47740